000 00521cam a2200193ua 4500
001 1992
005 20260515113430.0
008 110811n ii |||gr||||Z||||||eng
040 _cMAIN
082 _a370.03
100 _aMonroe, Paul,
_eAuthor.
245 1 _aInternational encyclopaedia of Education (part B- 2)
_cby Paul Monroe
250 _a1st.
260 _aNew Delhi:
_bCosmo Publication,990.
300 _a726p:
_c23cm.
653 _aEducation
653 _aInternational encyclopaedia of Education
942 _cBK
999 _c1863
_d1863